Every Starcraft and Starcraft II Unit - Statistics

General Stats
  • This quiz has been taken 108 times
  • The average score is 60 of 84
Answer Stats
Race First introduced Answer % Correct
Terran SC1 Marine
100%
Terran SC1 Battlecruiser
97%
Zerg SC1 Drone
95%
Terran SC1 SCV
95%
Terran SC1 Siege Tank
95%
Protoss SC1 Zealot
95%
Zerg SC1 Hydralisk
93%
Zerg SC1 Zergling
93%
Protoss SC1 Carrier
92%
Terran SC2: Wings of Liberty Marauder
92%
Protoss SC1 Probe
92%
Zerg SC1 Ultralisk
92%
Protoss SC1/Brood War Dark Templar
90%
Terran SC1 Firebat
90%
Terran SC1 Ghost
90%
Terran Brood War Medic
89%
Zerg SC1 Mutalisk
89%
Zerg SC1 Queen
89%
Terran SC1 Vulture
89%
Protoss SC1 Archon
87%
Terran SC1 Goliath
85%
Terran SC2: Wings of Liberty Hellion
85%
Protoss SC1 High Templar
85%
Terran SC2: Heart of the Swarm Hellbat
84%
Terran SC2: Wings of Liberty Viking
84%
Protoss SC1 Dragoon
82%
Terran SC1 Science Vessel
82%
Terran SC2: Wings of Liberty Thor
82%
Terran SC2: Wings of Liberty Medivac
80%
Zerg SC1 Overlord
80%
Protoss SC2: Wings of Liberty Stalker
80%
Protoss SC1 Observer
79%
Zerg SC2: Wings of Liberty Baneling
77%
Protoss Brood War Dark Archon
77%
Protoss SC2: Wings of Liberty Immortal
77%
Zerg Brood War Lurker
77%
Zerg SC2: Wings of Liberty Roach
77%
Terran SC2: Heart of the Swarm Widow mine
75%
Zerg SC2: Wings of Liberty Brood Lord
72%
Protoss SC2: Wings of Liberty Colossus
72%
Protoss SC2: Wings of Liberty Mothership
72%
Protoss SC2: Heart of the Swarm Mothership Core
72%
Protoss SC1 Reaver
72%
Zerg SC1 Guardian
70%
Protoss SC2: Wings of Liberty Phoenix
70%
Terran SC2: Wings of Liberty Raven
70%
Terran SC2: Wings of Liberty Reaper
70%
Terran SC1 Wraith
70%
Protoss SC2: Legacy of the Void Adept
69%
Protoss SC1 Arbiter
69%
Terran SC2: Wings of Liberty Banshee
67%
Zerg SC2: Wings of Liberty Infestor
67%
Protoss Brood War Corsair
66%
Terran SC1 Dropship
66%
Protoss SC1 Scout
66%
Protoss SC2: Wings of Liberty Sentry
66%
Zerg SC1 Infested Terran
64%
Terran SC2: Wings of Liberty MULE
64%
Terran Brood War Valkyrie
64%
Zerg SC2: Heart of the Swarm Viper
64%
Protoss SC2: Wings of Liberty Void Ray
64%
Protoss SC2: Heart of the Swarm Tempest
62%
Zerg SC2: Wings of Liberty Corruptor
61%
Zerg Brood War Devourer
61%
Zerg SC2: Wings of Liberty Overseer
61%
Zerg SC2: Heart of the Swarm Swarm Host
61%
Protoss SC2: Wings of Liberty Warp Prism
61%
Terran SC2: Legacy of the Void Cyclone
59%
Zerg SC1 Broodling
57%
Zerg SC1 Defiler
57%
Zerg SC1 Scourge
57%
Protoss SC2: Legacy of the Void Disruptor
56%
Protoss SC1 Shuttle
56%
Zerg SC2: Legacy of the Void Ravager
52%
Terran SC2: Legacy of the Void Liberator
51%
Terran SC2: Wings of Liberty Diamondback
49%
Terran SC2: Wings of Liberty Spectre
49%
Protoss SC2: Heart of the Swarm Oracle
46%
Terran SC2: Wings of Liberty Predator
39%
Terran SC2: Wings of Liberty Hercules
38%
Zerg SC2: Heart of the Swarm Locust
28%
Terran SC2: Wings of Liberty Odin
26%
Zerg SC2: Heart of the Swarm Leviathan
21%
Zerg SC2: Heart of the Swarm Aberration
20%
No matching quizzes found
Score Distribution
Percent of People with Each Score
Percentile by Number Answered
Your Score History
You have not taken this quiz